Catalogue of the Handstruck Postage Stamps of India (Record no. 1442)

000 -LEADER
fixed length control field 00378nam a22001457a 4500
003 - CONTROL NUMBER IDENTIFIER
control field OSt
008 - FIXED-LENGTH DATA ELEMENTS--GENERAL INFORMATION
fixed length control field 110524b xxu||||| |||| 00| 0 eng d
020 ## - INTERNATIONAL STANDARD BOOK NUMBER
International Standard Book Number 9780853974307
041 ## - LANGUAGE CODE
Language code of text/sound track or separate title eng
100 1# - MAIN ENTRY--PERSONAL NAME
Personal name Giles, D.Hammond
245 10 - TITLE STATEMENT
Title Catalogue of the Handstruck Postage Stamps of India
246 10 - VARYING FORM OF TITLE
Title proper/short title 1993 Supplement
260 ## - PUBLICATION, DISTRIBUTION, ETC. (IMPRINT)
Place of publication, distribution, etc. London
Name of publisher, distributor, etc. Christie's-Robson Lowe
300 ## - PHYSICAL DESCRIPTION
Extent 224 pages
Holdings
Withdrawn status Lost status Source of classification or shelving scheme Materials specified (bound volume or other part) Damaged status Not for loan Permanent Location Current Location Date acquired Total Checkouts Full call number Barcode Date last seen Price effective from Koha item type
      Hardcover     Northern Philatelic Library Northern Philatelic Library 05/24/2011   G7651 .P857 G472 1001695 06/28/2015 06/28/2015 Books

Powered by Koha